000 00714nam a2200253Ia 4500
003 OSt
005 20220926012257.0
006 a|||||r|||| 00| 0
007 ta
008 220923b |||||||| |||| 00| 0 eng d
020 _a0521482224
037 _cGeneral Book
040 _aRTL
_cRTL
_beng
041 _2eng
_aeng
082 _aV5.N, N7
100 _aErtman Thomas
_9110061
245 0 _aBirth of the leviathan
_b Building states and regime
260 _aNew York
_bCambridge University Press
_c1997
300 _axi, 363p
_ccm.
500 _aBibliography: P 325-50
650 _aEurope History
_914786
942 _hV5.N, N7
_cGB
_2CC
999 _c622317
_d622317